| 000 | 00772nam a2200217Ia 4500 | ||
|---|---|---|---|
| 003 | GCL | ||
| 008 | 140319s9999 xx 000 0 ara d | ||
| 040 |
_aGCL / _cGCL |
||
| 082 | 0 | 4 |
_a916 _bع ا |
| 100 | 1 | _aعبدالمنعم بلبع | |
| 245 | 1 | 0 |
_aافريقيا : _bالارض و الماء و النشاط الاقتصادى / _cعبدالمنعم بلبع |
| 250 | _aالاولى | ||
| 260 |
_aالقاهرة : _bالمكتبة المصرية ، _c2004 |
||
| 300 |
_a173 ص ؛ _c24 سم |
||
| 650 | 0 | 4 | _aافريقيا |
| 650 | 0 | 4 | _aافريقيا - مناخ |
| 650 | 0 | 4 | _aافريقيا - خرائط |
| 650 | 0 | 4 | _aافريقيا - احوال وعادات اجتماعية |
| 650 | 0 | 4 | _aافريقيا - الاحوال الاقتصادية |
| 942 |
_2ddc _cBK |
||
| 999 |
_c6207 _d6207 |
||